000 01230nam a2200313Ia 4500
005 20220317001948.0
008 200115s2019 ck 000 0 spa d
020 _a9789585586062
040 _aCO-BoRNBP
_bspa
_erda
_cCO-BoRNBP
041 0 _aspa
100 1 _aNoah, Trevor
_d1984
_eautor
245 1 0 _aProhibido nacer /
_cTrevor Noah ; traducción Javier Calvo
250 _aEdición especial
264 1 _aBogotá
_bRey Naranjo
_c2019
300 _a326 páginas ;
_c 21 cm
336 _2rdacontent
_atexto
_btxt
337 _2rdamedia
_asin mediación
_bn
338 _2rdacarrier
_avolumen
_bnc
490 0 _aPlan Nacional de Lectura y Escritura Leer es mi Cuento / Ministerio de Cultura
500 _aSubtítulo en la carátula: Memorias de racismo, rabia y risa \ Recomendado para público adulto \ Título original: Born a crime \ Incluye datos biográficos del autor
650 1 7 _aAutores sudafricanos
_2LEMB
_ySiglo XXI
650 1 7 _aLiteratura sudafricana
_2LEMB
_vSiglo XXI
650 1 7 _aDiscriminacion racial
_2LEMB
_vNovela
650 1 7 _aFamilias negras
_2LEMB
_vNovela
650 1 7 _aHumor negro
_2LEMB
_vNovela
700 1 _aCalvo, Javier
_etraductor
_994256
942 _2loc
_cBKLIT
084 _aN NOA1
999 _c8710
_d8710